Opportunity knocks (Record no. 78331)

MARC details
000 -LEADER
fixed length control field 01023cab a2200193 4500
001 - CONTROL NUMBER
control field ##L136529
008 - FIXED-LENGTH DATA ELEMENTS--GENERAL INFORMATION
fixed length control field 070206n2007 000 0 eng u
035 ## - SYSTEM CONTROL NUMBER
System control number (Sirsi) u136529
041 0# - LANGUAGE CODE
Language code of text/sound track or separate title eng
100 1# - MAIN ENTRY--PERSONAL NAME
Personal name McCaughey, Gerry
245 00 - TITLE STATEMENT
Title Opportunity knocks
260 ## - PUBLICATION, DISTRIBUTION, ETC.
Date of publication, distribution, etc. 2007
490 #0 - SERIES STATEMENT
Series statement Building Engineer
Volume/sequential designation 82(2) February 2007, 14-15(2)
520 ## - SUMMARY, ETC.
Summary, etc. Examines the use and advantages of timber frame systems. Timber frame's design flexibility, good thermal and acoustic insulation, and sustainability credentials make it an ideal material for modern housebuilding, as shown in the Design for Manufacture competition. Innovation in timber frame technology has also led to its use in the construction of multi-storey apartment buildings. Expands on timber frame's suitability for multi-storey buildings and looks at how timber frame can minimise build times and deliver added value performance.
590 ## - LOCAL NOTE (RLIN)
Local note KA
651 #4 - SUBJECT ADDED ENTRY--GEOGRAPHIC NAME
Geographic name United Kingdom
Chronological subdivision
690 ## - LOCAL SUBJECT ADDED ENTRY--TOPICAL TERM (OCLC, RLIN)
Topical term or geographic name as entry element BUILT ENVIRONMENT-BUILDING MATERIALS-TIMBER
942 ## - ADDED ENTRY ELEMENTS (KOHA)
Suppress in OPAC 0
Holdings
Withdrawn status Lost status Source of classification or shelving scheme Damaged status Not for loan Home library Current library Shelving location Date acquired Total Checkouts Full call number Barcode Date last seen Copy number Price effective from Koha item type
    Dewey Decimal Classification     London London Journal article 06/02/2007   L136529 136529-1001 06/08/2019 1 06/08/2019 Journal article